Anestesia en trauma / (Registro nro. 264)

Detalles MARC
000 -LEADER
fixed length control field 01820 am a2200397 a 4500
005 - FECHA ULTIMA MODIFICACION
control field 20240524084533.0
008 - CAMPO DE CONTROL (LIBRO)
fixed length control field 100427s2009||||mx a f |||| 001 0 spa d
020 ## - INTERNATIONAL STANDARD BOOK NUMBER
ISBN 9786077504290
041 ## - CODIGO DE IDIOMA
Código de idioma del texto/pista de sonido o título separado spa
092 ## - SIGNATURA TOPOGRAFICA DEWEY LOCAL
número de clasificación 617.96
libristica 10
sección CAR
100 1# - ENTRADA PRINCIPAL--NOMBRE PERSONAL
Nombre personal Carrillo Esper, Raúl.
9 (RLIN) 575
245 ## - TITULO PROPIAMENTE DICHO
Título Anestesia en trauma /
Mención de responsabilidad y remanente de la transcripción de la portada Raúl Carrillo Esper
250 ## - MENCION DE EDICION
Mención de edición 1a ed.
Mención de responsabilidad relacionada con la ed. Colección Platino de la Academia Mexicana de Cirugía
260 ## - PIE DE IMPRENTA
Lugar de publicación, distribución, etc México:
Nombre de la editorial, distribuidor, etc Alfil;
Fecha de publicación 2009.
300 ## - DESCRIPCION FISICA
Extension 269 p.
500 ## - NOTA GENERAL
Nota general Carrillo Esper, R. y Rivera Flores, J. (2009). Anestesia en trauma. (1a ed.). México : Alfil.
590 ## - NOTAS LOCALES (RLIN)
Nota local Donación Academia Mexicana de Cirugía, 2010
653 ## - TÉRMINO INDIZADO - PALABRAS CLAVES
Palabra clave Epidemiología de los traumatismos
653 ## - TÉRMINO INDIZADO - PALABRAS CLAVES
Palabra clave Mecanismos de lesión y cinemática del trauma
653 ## - TÉRMINO INDIZADO - PALABRAS CLAVES
Palabra clave Manejo inicial del paciente politraumatizado
653 ## - TÉRMINO INDIZADO - PALABRAS CLAVES
Palabra clave Via respiratoria en el paciente con trauma: evaluación y manejo
653 ## - TÉRMINO INDIZADO - PALABRAS CLAVES
Palabra clave Transporte del paciente traumatizado. Cambios fisiológicos
653 ## - TÉRMINO INDIZADO - PALABRAS CLAVES
Palabra clave Valoración preoperatoria en trauma
653 ## - TÉRMINO INDIZADO - PALABRAS CLAVES
Palabra clave Manejo perioperatorio en el paciente con trauma severo
653 ## - TÉRMINO INDIZADO - PALABRAS CLAVES
Palabra clave Cirugía de control de daños: indicaciones en el paciente traumatizado
653 ## - TÉRMINO INDIZADO - PALABRAS CLAVES
Palabra clave Reanimación cardio-cerebro-pulomonar en paciente con trauma
653 ## - TÉRMINO INDIZADO - PALABRAS CLAVES
Palabra clave Criterios de admisión a la unidad de cuidados intensivos traumatológica
653 ## - TÉRMINO INDIZADO - PALABRAS CLAVES
Palabra clave Muerte cerebral y trauma
653 ## - TÉRMINO INDIZADO - PALABRAS CLAVES
Palabra clave Consideraciones perianestésicas en la procuración de órganos
653 ## - TÉRMINO INDIZADO - PALABRAS CLAVES
Palabra clave Trastornos de estrés postraumático en el paciente traumatizado
653 ## - TÉRMINO INDIZADO - PALABRAS CLAVES
Palabra clave Aspectos éticos y bioéticos de reanimación en el paciente traumatizado
653 ## - TÉRMINO INDIZADO - PALABRAS CLAVES
Palabra clave Aspectos médico-legales en procedimientos anestésico-quirúrgico en trauma
700 1# - ENTRADAS SECUNDARIAS - NOMBRE PERSONAL
Nombre personal Rivera Flores, Jaime.
9 (RLIN) 580
930 ## - NUMERO DE INVENTARIO
Número de inventario 2093
942 ## - ADDED ENTRY ELEMENTS (KOHA)
Source of classification or shelving scheme Dewey Decimal Classification
Item type Libros
Existencias
Estado de retiro Existencia Estado general No para prestamo Ubicación permanente ubicación actual Sala de ubicación Fecha de adquisición Total Checkouts Número de clasificación Código de barras Date last seen Número de ejemplar Price effective from Koha tipo de elemento (item)
        Biblioteca Medicina Biblioteca Medicina Circulación 13/05/2011   617.96 10 CAR 2093 13/05/2011 ej.1 13/05/2011 Libros

UNIVERSIDAD NACIONAL DEL COMAHUE
Biblioteca de la Facultad de Ciencias Médicas
Sede Toschi: Los Arrayanes y Av. Toschi, Cipolletti  - Rio Negro
Sede Los Tordos:  Yrigoyen al 2211, Cipolletti - Rio Negro 

Teléfono: 0299 - 4774707 int 25
Contacto: biblioteca@facimed.uncoma.edu.ar
© 2011 - 2026